01273nam a22003377a 4500001001000000003000900010005001700019007000300036008003400039040005400073041001000127072001800137090001800155100002600173110006500199245020000264260003400464300001000498500006900508650001900577650001500596650001500611650003100626650002400657650002700681650001700708909003600725942000700761999001700768952015000785BR0402576BR-BrBNA20230928101624.0ta230509b bl.||||| |||| 00| 0 por d aBR-BrBNAbporcBiblioteca Nacional de Agricultura a(Por) aP34; P35; U10  P34 BR04025761 aScorza Júnior, R.P.1 aUniversidade Federal de Lavras, MG (Brasil)0Tese (Mestrado)1 aAvaliação dos modelos matemáticos CALF e PESTLA para simulação da lixiviação do inseticida-nematicida sulfona de aldicarbe em um latossolo vermelho amarelo na região de Lavras, MG3 aLavras, MG (Brasil): c1997.  a87 p. aSummaries (Eng, Por); Bibliography p. 65-75; 18 tables; 7 illus. aLIXIVIAÇÃO aINSETICIDA aNEMATICIDA aLATOSSOLO VERMELHO AMARELO aMODELO MATEMÁTICO aPOLUIÇÃO AMBIENTAL aMINAS GERAIS a202309bLuciac55dLucia Elande cBK c66745d66745 002AGRIS40708AGROBASEa41918b41918l0o P34 BR0402576pP34 BR0402576r2023-09-25t01yBK10d2023-09-25ePortaria Interministerial nº 164/94